00370nam a2200109Ia 4500008004100000020001800041082001700059100003800076245008800114260004700202300001100249191014s9999 xx 000 0 und d a981-02-3397-3 a003.857bITO aYoushihyyisa Ito, Ichiro Kawakami 0aProceedings of the 19th Nihon University International Symposium Order & Non Order  aSingaporebWorld Scientific Company c1998 aIx,262